Fr. Conceicao Rodrigues College of Engineering

Intrd. to Materials Science (Record no. 31492)

MARC details
000 -LEADER
fixed length control field 00302nam a2200133Ia 4500
082 ## - DEWEY DECIMAL CLASSIFICATION NUMBER
Classification number 620.1
Item number RUO
100 ## - MAIN ENTRY--PERSONAL NAME
Personal name Ruoff/Arthur L
245 ## - TITLE STATEMENT
Title Intrd. to Materials Science
260 ## - PUBLICATION, DISTRIBUTION, ETC.
Name of publisher, distributor, etc. prentice hall
Place of publication, distribution, etc. New Jersey
Date of publication, distribution, etc. 1972
546 ## - LANGUAGE NOTE
Language note ENGLISH
654 ## - SUBJECT ADDED ENTRY--FACETED TOPICAL TERMS
Focus term Materials Science
942 ## - ADDED ENTRY ELEMENTS (KOHA)
Koha item type BOOK
Holdings
Withdrawn status Lost status Damaged status Not for loan Collection Home library Current library Date acquired Total Checkouts Full call number Barcode Date last seen Price effective from Koha item type
        AFT Fr. Agnel's C.Rodrigues College of Engineering Fr. Agnel's C.Rodrigues College of Engineering 17/03/2023   620.1 RUO AFT1502 17/03/2023 17/03/2023 BOOK